Dada in Paris / (Record no. 352704)
[ view plain ]
| 000 -LEADER | |
|---|---|
| fixed length control field | 00916 a2200241 4500 |
| 003 - CONTROL NUMBER IDENTIFIER | |
| control field | OSt |
| 005 - DATE AND TIME OF LATEST TRANSACTION | |
| control field | 20180116192342.0 |
| 008 - FIXED-LENGTH DATA ELEMENTS--GENERAL INFORMATION | |
| fixed length control field | 120529t xxu||||| |||| 00| 0 eng d |
| 010 ## - LIBRARY OF CONGRESS CONTROL NUMBER | |
| LC control number | 2008044043 |
| 020 ## - INTERNATIONAL STANDARD BOOK NUMBER | |
| International Standard Book Number | 9780262013031 (hardcover : alk. paper) |
| 040 ## - CATALOGING SOURCE | |
| Transcribing agency | 0 |
| 082 00 - DEWEY DECIMAL CLASSIFICATION NUMBER | |
| Classification number | 709.04062 |
| 100 1# - MAIN ENTRY--PERSONAL NAME | |
| Personal name | Sanouillet, Michel. |
| 9 (RLIN) | 2410 |
| 245 10 - TITLE STATEMENT | |
| Title | Dada in Paris / |
| Statement of responsibility, etc. | Michel Sanouillet ; revised and expanded by Anne Sanouillet ; [editorial consultant, Michèle Humbert] ; translated by Sharmila Ganguly. |
| 250 ## - EDITION STATEMENT | |
| Edition statement | 1st English-language ed. |
| 260 ## - PUBLICATION, DISTRIBUTION, ETC. | |
| Place of publication, distribution, etc. | Cambridge, MA : |
| Name of publisher, distributor, etc. | MIT Press, |
| Date of publication, distribution, etc. | 2009. |
| 300 ## - PHYSICAL DESCRIPTION | |
| Extent | xii, 705 p. : |
| Dimensions | 24 cm. |
| 650 #0 - SUBJECT ADDED ENTRY--TOPICAL TERM | |
| Topical term or geographic name entry element | Dadaism |
| Geographic subdivision | France |
| -- | Paris. |
| 9 (RLIN) | 2411 |
| 650 #0 - SUBJECT ADDED ENTRY--TOPICAL TERM | |
| Topical term or geographic name entry element | Avant-garde (Aesthetics) |
| Geographic subdivision | France |
| -- | Paris |
| General subdivision | History |
| Chronological subdivision | 20th century. |
| 9 (RLIN) | 2412 |
| 700 1# - ADDED ENTRY--PERSONAL NAME | |
| Personal name | Sanouillet, Anne. |
| 9 (RLIN) | 2413 |
| 942 ## - ADDED ENTRY ELEMENTS (KOHA) | |
| Institution code [OBSOLETE] | SADA |
| Koha item type | Book |
| Call number prefix | 709.04062 SAN 2009 |
| Source of classification or shelving scheme | |
| Withdrawn status | Lost status | Source of classification or shelving scheme | Damaged status | Not for loan | Permanent Location | Current Location | Date acquired | Total Checkouts | Full call number | Barcode | Date last seen | Date last checked out | Cost, replacement price | Price effective from | Koha item type |
|---|---|---|---|---|---|---|---|---|---|---|---|---|---|---|---|
| School of Art Design and Architecture (SADA) | School of Art Design and Architecture (SADA) | 04/07/2011 | 1 | 709.04062 SAN 2009 | SADA0000718 | 04/13/2016 | 04/01/2016 | 2840.00 | 08/05/2011 | Book |
